| 000 | 00427cam a22001097a 4500 | ||
|---|---|---|---|
| 008 | 180718b1969 xxu||||| |||| 00| 0 eng d | ||
| 082 | _aA81x54 In2/61/Vol 5/Pt 7-A (18) | ||
| 100 | _aCensus of India 1961 | ||
| 245 | _aGujarat: selected crafts, Penknivies, Nutracrackers and scissors of Kutch and Jamnagar | ||
| 260 |
_aDelhi _bThe Manager of Publications _c1969 |
||
| 440 | _aCensus of India 1961. Volume V, Gujarat. Part VII-A (18) | ||
| 999 |
_c484041 _d484041 |
||